000 00690nam a2200253 i 4500
001 C2-0311167
003 PPAK
005 20180728102458.0
008 110712s2010 my |||| ||||| | may d
020 _a9789673620586
040 _aPPAK
_beng
_cPPAK
_erda
082 0 4 _a899.23301
_223
090 0 0 _a899.23301
_bFAI
_dBC
090 0 0 _a899.23301
_bFAI
_dG
100 0 _aFaisal Tehrani,
_eauthor
245 1 0 _aTiga kali seminggu
264 1 _aKuala Lumpur :
_bAl-Ameen Serve Holding ,
_c2010
300 _aix, 198 pages ;
_c21 cm
336 _2rdacontent
_atext
337 _2rdamedia
_aunmediated
338 _2rdacarrier
_avolume
650 1 0 _aShort stories, Malay
942 _ddc
_cB
999 _c113438
_d113438